| 000 | 00523cam a2200217 4500 | ||
|---|---|---|---|
| 001 | D12634 | ||
| 008 | 090401t1905 xxu||||| |||| 00| 0 eng d | ||
| 035 | _a(Sirsi) u4855 | ||
| 041 | _aeng | ||
| 100 | _aDicksee, Lawrence R | ||
| 245 | _aAuctioneers' accounts. | ||
| 250 | _a2nd | ||
| 260 |
_aLondon _bGee and Co _c1905 |
||
| 300 | _axii,81p. ; 21cm. | ||
| 350 | _a0 | ||
| 490 |
_aThe Accountant _vVol. II s` Library |
||
| 520 | _aShelf 115 | ||
| 650 | _aAUCTIONEERS ACCOUNTS | ||
| 942 | _n0 | ||
| 948 | _c04/03/1997 | ||
| 999 |
_c86075 _d86075 |
||